| 000 | 00512pab a2200181 454500 | ||
|---|---|---|---|
| 008 | 180718b2010 xxu||||| |||| 00| 0 eng d | ||
| 100 | _aKathuria, Vinish | ||
| 245 | _aFluctuating productivity performance of unorganised manufacturing in the post - 1990s | ||
| 260 | _c2010 | ||
| 300 | _ap.285-303. | ||
| 362 | _aApr-Jun | ||
| 650 | _aManufacturing industry | ||
| 700 | _aSen, Kunal | ||
| 700 | _aNatarajan, Rajesh Raj S. | ||
| 773 | _aIndian Journal of Labour Economics | ||
| 908 | _aN | ||
| 909 | _a90288 | ||
| 999 |
_c90288 _d90288 |
||